000 01983cam a2200457 a 4500
003 CHAP
005 20220901153853.0
008 040302d2001 mx adb r 10100 spa d
010 _a88116
011 _a89088
020 _a968-884-758-5
020 _a968-884-759-3
020 _a968-884-760-7
020 _a968-884-761-5
020 _a9688847577
035 _a99637
040 _cCHAP
082 0 4 _a631.07
_bC8 2001
111 0 0 _aCurso Internacional de Ingeniería de Drenaje Agrícola
_n(3 :
_d2001 :
_cChapingo, Méx.)
_930653
245 1 0 _aMemorias
_c/por UACH. Departamento de Irrigación
260 _aChapingo, Méx. :
_bUACH. Departamento de Irrigación,
_c2001.
300 _a4 v. :
_bilus. ; gráfs. ; cuadros
500 _aContenido: v.1 Fundamentos teóricos del drenaje agrícola, v.2 Drenaje parcelario y control de la salinidad, v.3 Diseño y evaluación de sistemas de drenaje agrícola, v.4 Relación lluvia-escurrimiento e impacto ambiental del drenaje agrícola
590 _aBATCH-UPD
_b10
_c20130110
590 _aBATCH-UPD
_b10
_c20130410
590 _aBATCH-UPD
_b10
_c20130914
590 _aCONVERSION
_b10
_c20130109
650 1 4 _aDrenaje agrícola.
_934221
650 1 4 _aIngeniería agrícola
_xEstudio y enseñanza.
_958202
901 _aBK
905 _aAlejandra Carrasco M.
942 _cLIBRO
_2ddc
949 _a631.07 C8 2001
_bBC
_cCONG
_d996375
_eCONG
_fv.3
_h104480
_i99637
_sb
949 _a631.07 C8 2001
_bBC
_cCONG
_d996377
_eCONG
_fv.4
_h104482
_i99637
_sb
949 _a631.07 C8 2001
_bBC
_cLIBRO
_d996371
_eCONG
_fv.1
_h104476
_i99637
_sb
949 _a631.07 C8 2001
_bBC
_cLIBRO
_d996373
_eCONG
_fv.2
_h104478
_i99637
_sb
949 _a631.07 C8 2001
_bBC
_cUACH
_d996372
_eUACH
_fv.1 c.2
_h104477
_i99637
_sb
949 _a631.07 C8 2001
_bBC
_cUACH
_d996374
_eUACH
_fv.2 c.2
_h104479
_i99637
_sb
949 _a631.07 C8 2001
_bBC
_cUACH
_d996376
_eUACH
_fv.3 c.2
_h104481
_i99637
_sb
949 _a631.07 C8 2001
_bBC
_cUACH
_d996378
_eUACH
_fv.4 c.2
_h104483
_i99637
_sb
999 _c88116
_d88116